Quizzes
Events
Quiz Creation
Community
Videos
Private Events
Remove Ads
Sign In
Join for FREE
Feedback
Dark Mode
Quiz Categories
Sports
Geography
Music
Movies
Television
Just For Fun
Miscellaneous
History
Literature
Language
Science
Gaming
Entertainment
Religion
Holiday
For Kids
Quiz Lab
Recent
Popular Today
Quiz Kudos Today
Editor Picks
Curator Picks
Quizzes by...
Day
Popularity
Type
Ratings
Length
Year
Community
Subscriptions
Recent Discussions
Orange Saloon
Badges
Playlists
Quests
Create
Leaderboards
Showdown
Live 5
Trivia Bingo
Activity
Puzzle Library
Sporcle Events
Private Events
Virtual Trivia
Globe League
Become a Host
Pub Owners
SporcleCon
Opinionation
Our Games
Videos
Blog
Mobile Apps
Partnerships
Remove Ads and Go Orange
Feedback
Music
Pop Music
The Beatles
Song
Album
Lyrics
Bands
Singers
Artist
Clip
Rock
Rap
Classical
Billboard
Country Music
Kpop
Taylor Swift
Music
Pop Music
The Beatles
Song
Album
Lyrics
Bands
Singers
Artist
Clip
Rock
Rap
Classical
Billboard
Country Music
Kpop
Taylor Swift
Random Quiz
Search Sporcle
×
Quiz Lab
Quiz Lab
Music
Album
Type in answers that appear in a list
Type in answers that appear in a list
Classic
Best Score? Go Orange.
A Day To Remember songs Stats
Can you name the can you name all of a day to remember's songs?
By
moshxNxtaterpie
8m
50 Questions
513 Plays
513 Plays
513 Plays
Comments
Comments
Give Quiz Kudos
Give Quiz Kudos
-
- Ratings
hide this ad
Replay
Link that replays current quiz
Next Quiz
Link to next quiz in quiz playlist
You Got
0%
They Got
Avg Score
53%
Avg Friend Score
Upgrade to see
Score Distribution
Jump to the score distribution portion of the page
Score
0/50
Timer
08:00
0
Plays Today
album
song
% Correct
What Separates Me From You
all i want
83.6%
Homesick (special edition)
the downfall of us all
83%
Homesick (special edition)
homesick
81.5%
What Separates Me From You
2nd sucks
79.9%
Homesick (special edition)
i'm made of wax larry, what are you made of?
75.2%
Homesick (special edition)
if it means a lot to you
75%
For Those Who Have Heart (08 re-
issue)
the plot to bomb the panhandle
70.4%
What Separates Me From You
all signs point to lauderdale
69.4%
What Separates Me From You
sticks and bricks
67.8%
Homesick (special edition)
have faith in me
67.3%
What Separates Me From You
you be tails, i'll be sonic
66.7%
What Separates Me From You
it's complicated
63.7%
And Their Name Was Treason
you had me at hello
63.4%
Homesick (special edition)
nj legion iced tea
62.4%
What Separates Me From You
better off this way
59.6%
For Those Who Have Heart (08 re-
issue)
monument
59.5%
Homesick (special edition)
mr highway's thinking about the end
59.5%
What Separates Me From You
if i leave
59.3%
And Their Name Was Treason
heartless
58.7%
For Those Who Have Heart (08 re-
issue)
heartless
58.7%
For Those Who Have Heart (08 re-
issue)
fast forward to 2012
58.3%
And Their Name Was Treason
you should have killed me when you had the chance
56.9%
For Those Who Have Heart (08 re-
issue)
you should have killed me when you had the chance
56.9%
Homesick (special edition)
my life for hire
56.3%
Homesick (special edition)
another song about the weekend
55.8%
album
song
% Correct
And Their Name Was Treason
1958
55.6%
For Those Who Have Heart (08 re-
issue)
the danger in starting a fire
55.2%
What Separates Me From You
out of time
53.8%
Homesick (special edition)
welcome to the family
51.9%
And Their Name Was Treason
casablanca sucked anyways
49.3%
For Those Who Have Heart (08 re-
issue)
a shot in the dark
48.9%
What Separates Me From You
this is the house that doubt built
48%
For Those Who Have Heart (08 re-
issue)
speak of the devil
47.8%
For Those Who Have Heart (08 re-
issue)
since u been gone
44.1%
For Those Who Have Heart (08 re-
issue)
start the shooting
43.7%
For Those Who Have Heart (08 re-
issue)
colder than my heart, if you can imagine
43.5%
And Their Name Was Treason
intro
41.1%
For Those Who Have Heart (08 re-
issue)
here's to the past
39.8%
For Those Who Have Heart (08 re-
issue)
the price we pay
39%
Homesick (special edition)
holdin' it down for the underground
39%
Homesick (special edition)
you already know what you are
37.6%
For Those Who Have Heart (08 re-
issue)
show 'em the ropes
36.3%
For Those Who Have Heart (08 re-
issue)
why walk on water when we've got boats
34.3%
And Their Name Was Treason
your way with words is through silence
32.6%
And Their Name Was Treason
a second glance
31.6%
For Those Who Have Heart (08 re-
issue)
i heard it's the softest thing ever
30.6%
And Their Name Was Treason
sound the alarm
29.6%
And Their Name Was Treason
if looks could kill
26.7%
Homesick (special edition)
homesick acoustic
22.8%
Homesick (special edition)
another song about the weekend acoustic
21.2%
Quiz Playlist
Details
Report
Send in Message
Add To Playlist
Classic:
Type in answers that appear in a list
Last Updated: Feb 16, 2017
Quiz Scoreboard
CHALLENGE
Sign Up to Join the Scoreboard
Show All
Scores
Hide
Comments
May contain spoilers
Recently Published
One Thing in Common: World Cities II
by knightlancer
Geography
7m
Popular People in 1961
by mucciniale
History
6m
1-10 Letter E Words III
by El_Dandy
Language
2m
More to Explore
Quiz From the Vault
Featured Blog Post
Where Did the Easter Bunny Come From?
hide this ad
You Might Also Like...
Tags
Album Quiz
Song Quiz
Remember
Today's Top Quizzes in Music
Browse Music
hide this ad
Today's Top Quizzes in Album
Browse Album
Top Contributed Quizzes in Music
1
Taylor Swift All Songs (2024)
2
2010s Album by Cover III
3
Taylor Swift Logic Puzzle
4
One Thing in Common: Music
5
Guess the Artist- 70s Songs
6
Guess the Taylor Swift song (Mystery Song)
7
2010s Album by Cover V
8
2010s Album by Cover IV
9
Lana Del Rey Discography (BTD to DYKTTATUOB)
10
KPOP LOGIC QUIZ
Explore More
Trending Topics
Marvel
Kpop
Harry Potter
Disney
Crossword
NBA
Anime
WWE
Soccer
The Office
NFL
Puzzle
Song
Country
Pokémon
hide this ad
More By:
moshxNxtaterpie
Quiz
Plays
Rating
Category
Featured
Created
Bring Me The Horizon - finish the lyrics
1,531
4.50
Music
Apr 1, 2011
A Day To Remember songs
513
4.00
Music
Mar 31, 2011
avenged sevenfold albums
106
Music
Apr 6, 2011
Avenged Sevenfold Songs
71
Music
May 4, 2011
Name the rock album
14
1.00
Music
Mar 30, 2011
Go to Creator's Profile
Score Distribution
Quiz Creator Spotlight
moshxNxtaterpie
Follow
Send a Message
Quizzes Created
-
Created Quiz Play Count
-
More By This Creator
Popular Quizzes Today
1
Find the US States - No Outlines Minefield
2
The Countries of the World
3
Popular People in 1961
4
Find the Countries of Europe - No Outlines Minefield
5
1-10 Letter E Words III
6
Find the US States
7
One Thing in Common: World Cities II
8
US States
More Music Quizzes
Juice WRLD's Album, 'Death Race For Love'
Quiz Lab
Trending Quizzes
1-10 Letter F Words
1-10 Letter G Words
Risky Map Clicking: Next State Alphabetically
1-10 Letter F Words II
Risky Map Clicking: States by Unique Starting Letters
Recently Updated
Leaping Animals
pecheneg
Reality TV Shows (A-Z)
bhenderson79
Rickey Henderson's Hall of Fame Teammates
pecheneg
Champions League XIs: Arsenal
pecheneg
Quick Pick: Celebrities in WWE's Hall of Fame
aduchscher
A-Z Keypad Blitz II
pecheneg
Multiple Oscar Actors
pecheneg
Mystery Phrase Blitz: Oscar 'Best Actors'
pecheneg
F. Scott Fitzgerald Novels
LTH
Pick 3 Villains
ddd62291
Trending Topics
Disney
Anime
Kpop
Crossword
NBA
Marvel
Harry Potter
Country
NFL
Song
Soccer
Puzzle
WWE
The Office
Pokémon
Your Account Isn't Verified!
In order to create a playlist on Sporcle, you need to verify the email address you used during registration. Go to your
Sporcle Settings
to finish the process.
Report this User
Report this user for behavior that violates our
Community Guidelines
.
Details:
Send Report
Go to the Sporcle.com Mobile Site →
Comments